5HLuxD.jpg

KING HENRY VIII SENIOR AND PRIMARY SCHOOL LIBRARY OPAC

The fairies' new wings / (Record no. 2163)

000 -LEADER
fixed length control field 00921nam a2200313 i 4500
001 - CONTROL NUMBER
control field 013831291
003 - CONTROL NUMBER IDENTIFIER
control field Uk
005 - DATE AND TIME OF LATEST TRANSACTION
control field 20230315091719.0
008 - FIXED-LENGTH DATA ELEMENTS--GENERAL INFORMATION
fixed length control field 070831s2007 enka 000 1 eng
015 ## - NATIONAL BIBLIOGRAPHY NUMBER
National bibliography number GBB235746
Source bnb
016 7# - NATIONAL BIBLIOGRAPHIC AGENCY CONTROL NUMBER
Record control number 013831291
Source Uk
020 ## - INTERNATIONAL STANDARD BOOK NUMBER
International Standard Book Number 9781905598816
040 ## - CATALOGING SOURCE
Original cataloging agency Uk
Language of cataloging eng
Transcribing agency Uk
Description conventions rda
Modifying agency KH8
042 ## - AUTHENTICATION CODE
Authentication code ukblsr
082 04 - DEWEY DECIMAL CLASSIFICATION NUMBER
Classification number 428.6 MIL
Edition number 23
100 1# - MAIN ENTRY--PERSONAL NAME
Personal name Miles, Sara,
Relator term author.
245 14 - TITLE STATEMENT
Title The fairies' new wings /
Statement of responsibility, etc. Sara Miles ; illustrations & design by CREACES.
264 #1 - PRODUCTION, PUBLICATION, DISTRIBUTION, MANUFACTURE, AND COPYRIGHT NOTICE
Place of production, publication, distribution, manufacture London :
Name of producer, publisher, distributor, manufacturer Popular UK PTE LTD,
Date of production, publication, distribution, manufacture, or copyright notice April 2007.
300 ## - PHYSICAL DESCRIPTION
Extent 47 pages :
Other physical details illustrations (colour) ;
Dimensions 18 cm.
336 ## - CONTENT TYPE
Content type term text
Source rdacontent
337 ## - MEDIA TYPE
Media type term unmediated
Source rdamedia
338 ## - CARRIER TYPE
Carrier type term volume
Source rdacarrier
490 0# - SERIES STATEMENT
Series statement Robin
490 0# - SERIES STATEMENT
Series statement Read with Robin. Fairies
500 ## - GENERAL NOTE
General note "i-Pen readable."--Cover.
650 #0 - SUBJECT ADDED ENTRY--TOPICAL TERM
Topical term or geographic name entry element Readers (Elementary)
710 2# - ADDED ENTRY--CORPORATE NAME
Corporate name or jurisdiction name as entry element CREACES (Firm),
Relator term illustrator.
942 ## - ADDED ENTRY ELEMENTS (KOHA)
Source of classification or shelving scheme
Koha item type Books - Non Ficton
Holdings
Withdrawn status Lost status Source of classification or shelving scheme Damaged status Not for loan Collection code Permanent Location Current Location Shelving location Date acquired Total Checkouts Full call number Barcode Date last seen Date last checked out Price effective from Koha item type
          Non-Fiction KH8 Primary School Library KH8 Primary School Library Non Fiction 2023-03-15 20 428.6 MIL KHPL000003901 2025-12-05 2025-10-16 2023-03-15 Books - Non Ficton

Powered By KH8 IT Dept